| 000 | 00621cam a2200205 a 4500 | ||
|---|---|---|---|
| 001 | 14204942 | ||
| 005 | 20240416053421.0 | ||
| 008 | 051220s2005 cc a 000 0 eng | ||
| 020 | _a9628314254 | ||
| 040 |
_aDLC _cDLC _dDLC |
||
| 082 |
_222 _a323.4 _bSRI. |
||
| 245 | 0 | 3 |
_aAn x-ray of the Sri Lankan policing system & torture of the poor : _c Basil Fernando, Shyamali Puvimanasinghe. |
| 260 |
_aHong Kong : _bAsian Human Rights Commission, _c2005. |
||
| 300 | _a321 p. : | ||
| 650 | 0 | _aPolice brutality | |
| 650 | 0 | _aTorture | |
| 700 | 1 |
_aFernando, Basil. _eedt |
|
| 700 | 1 |
_aPuvimanasinghe, Shyamali. _eedt |
|
| 942 | _cL | ||
| 999 |
_c550 _d550 |
||